000 00872naa a22002537a 4500
001 BR7304899
003 BR-BrBNA
005 20250709164614.0
007 ta
008 250630b bl.|||m| |||| 00| 0 por d
040 _aBR-BrBNA
_bpor
_cBiblioteca Nacional de Agricultura
041 _a(Pt)
072 _aE15
_b0230
_bG514
090 _aE15 BR7304899
100 1 _aPaiva, R.M.
245 1 _aCana-de-acucar [Economia; Brasil]
500 _aProblemas da agricultura brasileira Rio de Janeiro, GB (Brasil): 1954. p. 37-38 (BR7304899-AMS)
773 0 _tProblemas da agricultura brasileira
_wE15 BR7304899
_gRio de Janeiro, GB (Brasil), 1954. p. 37-38
650 _aCANA DE ACUCAR
650 _aECONOMIA DA PRODUCAO
490 _aEstudos Brasileiros - Servico de Informacao Agricola (Brazil)
_vno. 7
942 _cAMS
_2AGRIS
909 _a202506
_bLúcia
_c55
_dLúcia Elande
999 _c332648
_d332648